Govt. of
Madhya Pradesh

लाल कनेर (Record no. 68803)

MARC details
000 -LEADER
fixed length control field 00327nam a22001097a 4500
082 ## - DEWEY DECIMAL CLASSIFICATION NUMBER
Classification number 891.432/PRA
100 ## - MAIN ENTRY--AUTHOR NAME
Personal name प्रसाद, ज्ञानेंद्र किशोर
245 ## - TITLE STATEMENT
Title लाल कनेर
260 ## - PUBLICATION, DISTRIBUTION, ETC. (IMPRINT)
Place of publication भोपाल
Name of publisher आईसेक्ट
Year of publication 2021
650 ## - SUBJECT ADDED ENTRY--TOPICAL TERM
Topical Term नाटक
942 ## - ADDED ENTRY ELEMENTS (KOHA)
Koha item type Hindi Books
Holdings
Withdrawn status Lost status Damaged status Not for loan Home library Current library Date acquired Cost, normal purchase price Full call number Accession Number Price effective from Koha item type
        MACL MACL 06/03/2026 200.00 891.432/PRA DPI004276 06/03/2026 Hindi Books